| 000 | 00488nam a2200181Ia 4500 | ||
|---|---|---|---|
| 005 | 20250326123937.0 | ||
| 008 | 250326s9999 xx 000 0 und d | ||
| 037 | _aTextbook | ||
| 040 |
_aFMSL _beng _cFMSL |
||
| 041 |
_aeng _2eng |
||
| 084 |
_aT(X:8) L4 _qFMSL |
||
| 100 | _aSharma B R | ||
| 245 | 0 |
_aOccupational values and business _cSharma B R |
|
| 260 |
_aNew Delhi _bNew Delhi, Sindhu _c1974 |
||
| 300 | _a80p | ||
| 942 |
_cTB _hT(X:8) L4 |
||
| 999 |
_c1271596 _d1271596 |
||